Nr. 1 Hits in den USA 1997 - Statistiken

Allgemein
  • Dieses Quiz wurde 22 mal gespielt
  • Das Durchschnittsergebnis liegt bei 6 aus 10
Antwortstatistiken
Wochen auf Platz 1 Lied Interpret % Korrekt
14 Wochen Candle in the Wind 1997 Elton John
100%
4 Wochen Wannabe Spice Girls
94%
2 Wochen Mo Money Mo Problems Notorious B.I.G. feat.Puff Daddy & Mase
72%
11 Wochen I’ll Be Missing You Puff Daddy feat. Faith Evans & 112
72%
3 Wochen MMMBop Hanson
67%
6 Wochen Can't Nobody Hold Me Down Puff Daddy feat. Mase
61%
11 Wochen Un-Break My Heart Toni Braxton
61%
3 Wochen Hypnotize Notorious B.I.G.
39%
3 Wochen Honey Mariah Carey
28%
1 Woche 4 Seasons of Loneliness Boyz II Men
6%
Keine übereinstimmenden Quizze gefunden
Verteilung der Resultate
Anzahl Personen mit jedem Resultat
Perzentil nach korrekt beantworteten Fragen
Ihre Resultats-Entwicklung
Sie haben dieses Quiz noch nicht gespielt